书目信息 |
| 题名: |
考研心理学历年真题标准解析
|
|
| 作者: | ;全国硕士研究生入学统一考试辅导用书编委会 编 | |
| 分册: | ||
| 出版信息: | 北京 高等教育出版社 2014 |
|
| 页数: | 227页 | |
| 开本: | 26cm | |
| 丛书名: | ||
| 单 册: | ||
| 中图分类: | B84-44 | |
| 科图分类: | ||
| 主题词: | 心理学--Xin Li Xue--硕士生--入学考试--题解 | |
| 电子资源: | ||
| ISBN: | 978-7-04-039406-1 | |
| 000 | 01103nam0 22002411 450 | |
| 001 | 0101082337 | |
| 005 | 20161201100032.85 | |
| 010 | @a978-7-04-039406-1@dCNY28.00 | |
| 100 | @a20140618d2014 em y0chiy50 ea | |
| 101 | 0 | @achi |
| 102 | @aCN@b110000 | |
| 105 | @ay qz 000yy | |
| 106 | @ar | |
| 200 | 1 | @a考研心理学历年真题标准解析@AKao Yan Xin Li Xue Li Nian Zhen Ti Biao Zhun Jie Xi@f全国硕士研究生入学统一考试辅导用书编委会[编] |
| 210 | @a北京@c高等教育出版社@d2014 | |
| 215 | @a227页@d26cm | |
| 300 | @a考研心理学大纲配套用书 高教版2015 | |
| 330 | @a本书内容包括:2007-2014年全国硕士研究生入学统一考试心理学专业基础综合考试各学科统计、2007-2014年全国硕士研究生入学统一考试心理学专业基础综合考试各年试卷结构分析、2007-2014年全国硕士研究生入学统一考试心理学专业基础综合试题、参考答案与解析。 | |
| 606 | 0 | @a心理学@AXin Li Xue@x硕士生@x入学考试@j题解 |
| 690 | @aB84-44@v5 | |
| 711 | 02 | @a全国硕士研究生入学统一考试辅导用书编委会@AQuan Guo Shuo Shi Yan Jiu Sheng Ru Xue Tong Yi Kao Shi Fu Dao Yong Shu Bian Wei Hui@4编 |
| 801 | 0 | @aCN@bTANGWEI@c20161128 |
| 905 | @b0950200-4@dB84-44@e1498@f5 | |
| 考研心理学历年真题标准解析/全国硕士研究生入学统一考试辅导用书编委会[编] .-北京:高等教育出版社,2014 |
| 227页;26cm |
| 考研心理学大纲配套用书 高教版2015 |
| ISBN 978-7-04-039406-1:CNY28.00 |
| 本书内容包括:2007-2014年全国硕士研究生入学统一考试心理学专业基础综合考试各学科统计、2007-2014年全国硕士研究生入学统一考试心理学专业基础综合考试各年试卷结构分析、2007-2014年全国硕士研究生入学统一考试心理学专业基础综合试题、参考答案与解析。 |
| ● |
| 相关链接 |
|
|
|
|
正题名:考研心理学历年真题标准解析
索取号:B84-44/1498
 
预约/预借
| 序号 | 登录号 | 条形码 | 馆藏地/架位号 | 状态 | 备注 |
| 1 | 0950200 | 209502000 | 第一样本阅览室/ [索取号:B84-44/1498] | 在馆 | |
| 2 | 0950201 | 209502019 | 第一借阅区/ [索取号:B84-44/1498] | 在馆 | |
| 3 | 0950202 | 209502028 | 第一借阅区/ [索取号:B84-44/1498] | 在馆 | |
| 4 | 0950203 | 209502037 | 第一借阅区/ [索取号:B84-44/1498] | 在馆 | |
| 5 | 0950204 | 209502046 | 第一借阅区/ [索取号:B84-44/1498] | 在馆 |